<?xml version="1.0" encoding="UTF-8"?>
<record
    xmlns:xsi="http://www.w3.org/2001/XMLSchema-instance"
    xsi:schemaLocation="http://www.loc.gov/MARC21/slim http://www.loc.gov/standards/marcxml/schema/MARC21slim.xsd"
    xmlns="http://www.loc.gov/MARC21/slim">

  <leader>01841nam a2200373 a 4500</leader>
  <controlfield tag="003">CHAP</controlfield>
  <controlfield tag="005">20230424180823.0</controlfield>
  <controlfield tag="007">ta</controlfield>
  <controlfield tag="008">230424s2019    mx  |||gr|||| 001 f spa d</controlfield>
  <datafield tag="020" ind1=" " ind2=" ">
    <subfield code="a">978-607-317-822-8</subfield>
  </datafield>
  <datafield tag="040" ind1=" " ind2=" ">
    <subfield code="a">mxchpua</subfield>
    <subfield code="c">CHAP</subfield>
    <subfield code="e">rda</subfield>
  </datafield>
  <datafield tag="050" ind1="1" ind2="0">
    <subfield code="a">PS3552.L392</subfield>
    <subfield code="b">.B53 E96 2019</subfield>
  </datafield>
  <datafield tag="082" ind1="0" ind2="0">
    <subfield code="a">808.8308738</subfield>
    <subfield code="b">B53 E96 2019</subfield>
    <subfield code="2">20</subfield>
  </datafield>
  <datafield tag="100" ind1="1" ind2=" ">
    <subfield code="9">186769</subfield>
    <subfield code="a">Blatty, William Peter</subfield>
  </datafield>
  <datafield tag="240" ind1="1" ind2="4">
    <subfield code="a">The exorcist. </subfield>
    <subfield code="l">Espa&#xF1;ol</subfield>
  </datafield>
  <datafield tag="245" ind1="1" ind2="3">
    <subfield code="a">El exorcista /</subfield>
    <subfield code="c">William Peter Blatty ; traductora Raquel Albornoz</subfield>
  </datafield>
  <datafield tag="250" ind1=" " ind2=" ">
    <subfield code="a">1a edici&#xF3;n</subfield>
  </datafield>
  <datafield tag="264" ind1=" " ind2=" ">
    <subfield code="a">M&#xE9;xico :</subfield>
    <subfield code="b">Penguin Random House Grupo Editorial,</subfield>
    <subfield code="c">2019</subfield>
  </datafield>
  <datafield tag="300" ind1=" " ind2=" ">
    <subfield code="a">405 p&#xE1;ginas</subfield>
  </datafield>
  <datafield tag="336" ind1=" " ind2=" ">
    <subfield code="2">rdacontent</subfield>
    <subfield code="a">texto</subfield>
    <subfield code="b">txt</subfield>
  </datafield>
  <datafield tag="337" ind1=" " ind2=" ">
    <subfield code="2">rdamedia</subfield>
    <subfield code="a">sin medio</subfield>
    <subfield code="b">n</subfield>
  </datafield>
  <datafield tag="338" ind1=" " ind2=" ">
    <subfield code="2">rdacarrier</subfield>
    <subfield code="a">volumen</subfield>
    <subfield code="b">nc</subfield>
  </datafield>
  <datafield tag="520" ind1="2" ind2=" ">
    <subfield code="a">Una de las novelas m&#xE1;s sobrecogedoras y terror&#xED;ficas jam&#xE1;s escritas. El libro que inspir&#xF3; la pel&#xED;cula hom&#xF3;nima de culto.Basada en un hecho real, ocurrido en la d&#xE9;cada de los cuarenta del siglo pasado, la protagonista es una ni&#xF1;a de apenas once a&#xF1;os que sufre terribles transformaciones, sobre todo en su comportamiento. Ni m&#xE9;dicos ni cient&#xED;ficos ni psic&#xF3;logos son capaces de hallar la causa de tal estado, y paulatinamente todo se va decantando hacia la hip&#xF3;tesis de que la ni&#xF1;a est&#xE1; pose&#xED;da por fuerzas demoniacas. Ha llegado el momento para el implacable rito que enfrenta a exorcista y demonio en un duelo mortal.</subfield>
  </datafield>
  <datafield tag="650" ind1="1" ind2="0">
    <subfield code="9">153261</subfield>
    <subfield code="a">Literatura americana</subfield>
    <subfield code="y">Siglo XX</subfield>
  </datafield>
  <datafield tag="650" ind1="1" ind2="7">
    <subfield code="9">82011</subfield>
    <subfield code="a">Novela</subfield>
    <subfield code="x">Ficci&#xF3;n</subfield>
  </datafield>
  <datafield tag="650" ind1="1" ind2="0">
    <subfield code="9">160744</subfield>
    <subfield code="a">Terror  </subfield>
  </datafield>
  <datafield tag="650" ind1="1" ind2="0">
    <subfield code="9">186777</subfield>
    <subfield code="a">Posesi&#xF3;n demon&#xED;aca</subfield>
  </datafield>
  <datafield tag="650" ind1="1" ind2="0">
    <subfield code="9">153260</subfield>
    <subfield code="a">American literature</subfield>
    <subfield code="y">20th century  </subfield>
  </datafield>
  <datafield tag="650" ind1="1" ind2="0">
    <subfield code="9">161790</subfield>
    <subfield code="a">Novel  </subfield>
    <subfield code="x">Fiction</subfield>
  </datafield>
  <datafield tag="650" ind1="1" ind2="0">
    <subfield code="9">186776</subfield>
    <subfield code="a">Horror fiction</subfield>
  </datafield>
  <datafield tag="650" ind1="1" ind2="0">
    <subfield code="9">186778</subfield>
    <subfield code="a">Spirit possession</subfield>
  </datafield>
  <datafield tag="700" ind1="1" ind2=" ">
    <subfield code="9">186779</subfield>
    <subfield code="a">Albornoz, Raquel</subfield>
    <subfield code="e">traductora</subfield>
  </datafield>
  <datafield tag="942" ind1=" " ind2=" ">
    <subfield code="2">ddc</subfield>
    <subfield code="c">Libro</subfield>
  </datafield>
  <datafield tag="999" ind1=" " ind2=" ">
    <subfield code="c">218619</subfield>
    <subfield code="d">218619</subfield>
  </datafield>
  <datafield tag="952" ind1=" " ind2=" ">
    <subfield code="0">0</subfield>
    <subfield code="1">0</subfield>
    <subfield code="2">ddc</subfield>
    <subfield code="4">0</subfield>
    <subfield code="5">2</subfield>
    <subfield code="7">0</subfield>
    <subfield code="8">LIT</subfield>
    <subfield code="a">IA_</subfield>
    <subfield code="b">IA_</subfield>
    <subfield code="d">2021-12-09</subfield>
    <subfield code="e">Compra Librer&#xED;a UACh F 39630</subfield>
    <subfield code="i">Consumo</subfield>
    <subfield code="l">0</subfield>
    <subfield code="o">808.8308738 B53 E96 2019</subfield>
    <subfield code="p">1108014670</subfield>
    <subfield code="r">2023-04-24 00:00:00</subfield>
    <subfield code="t">Ej. 1</subfield>
    <subfield code="w">2023-04-24</subfield>
    <subfield code="y">LIBRO</subfield>
  </datafield>
</record>
